Normal view MARC view
  • Environmental Engineering

Entry Topical Term

Number of records used in: 110

001 - CONTROL NUMBER

  • control field: 1550

003 - CONTROL NUMBER IDENTIFIER

  • control field: NUST

005 - DATE AND TIME OF LATEST TRANSACTION

  • control field: 20170530110214.0

008 - FIXED-LENGTH DATA ELEMENTS

  • fixed length control field: 170530|| aca||aabn | a|a d

040 ## - CATALOGING SOURCE

  • Original cataloging agency: NUST
  • Transcribing agency: NUST

150 ## - HEADING--TOPICAL TERM

  • Topical term or geographic name entry element: Environmental Engineering

670 ## - SOURCE DATA FOUND

  • Source citation: Work cat.: (NUST)233373: Asghar Ali 1548, Study On Fouling Behavior And Treatment Performance Of Flat Sheet Woven Fiber Microfiltration (WFMF) Membrane , 2016.
© 2023 Central Library, National University of Sciences and Technology. All Rights Reserved.